| 000 | 00732nam a22002177a 4500 | ||
|---|---|---|---|
| 005 | 20140801124305.0 | ||
| 010 | _aENG-109966 | ||
| 020 |
_a9789351431367 _c350.00 |
||
| 035 | _aEN-93499 | ||
| 037 | _bDBAD/PUB | ||
| 082 | _a174.3 | ||
| 100 | _aRamachandran, Raju | ||
| 245 |
_aProfessional ethics for lawyers : _cby Raju Ramachandran; revised by S. Balakrishnan _bchanging profession changing ethics / |
||
| 250 | _a2nd ed | ||
| 260 |
_aGurgaon _bLexis Nexis _c2014 |
||
| 270 |
_a14th Floor, Bldg No.10, Tower-B, DLF Cyber City, Phase-II _bGurgaon _e122002 |
||
| 300 |
_axvii,170p. _c22cm(pbk) |
||
| 500 | _aIncludes bibliographical references | ||
| 700 | _aBalakrishnan, S. | ||
| 942 |
_2ddc _cEN _mRAM _h174.3 |
||
| 999 |
_c84401 _d84401 |
||